| 000 | 00558nam a22001937a 4500 | ||
|---|---|---|---|
| 003 | KOHA_MİRAKIL | ||
| 005 | 20241003053909.0 | ||
| 008 | 241002b2021 tu ||||| |||| 00| 0 tur d | ||
| 020 | _a9786052987810 | ||
| 040 |
_aTR-AnABB _btur _cTR-AnABB |
||
| 041 | _atur | ||
| 082 |
_a813.32 _bAHM 2021 |
||
| 100 | 1 |
_aAhmet Midhat Efendi, 1844 - 1912 _9690 |
|
| 245 | 1 | 0 |
_aJön Türk / _cAhmet Midhat Efendi. |
| 260 |
_aİstanbul : _bKırmızı Kedi Yayınları, _c2021. |
||
| 300 |
_a350 sayfa ; _c22 cm. |
||
| 650 |
_aTürk edebiyatı, roman _94 |
||
| 942 |
_2ddc _cBK |
||
| 999 |
_c7201 _d7201 |
||
| 900 | _bCan Çelik | ||